Интелигентният инвеститор (Запис номер 448789)
[ съкратено ]
| 000 -Лидер | |
|---|---|
| Контролно поле с фиксирана дължина | 01631nam a2200325 a 4500 |
| 003 - Код на организацията, давaща контролен номер | |
| Контролно поле | BLK |
| 005 - Дата и час на последна редакция | |
| Контролно поле | 20250507122043.0 |
| 008 - Елементи от данни с фиксирана дължина | |
| fixed length control field | 180411b bul|||||r ||||||| ||bul|| |
| 020 ## - Международен стандартен номер на книга ISBN | |
| Международен стандартен номер на книга ISBN | 9786190108160 |
| Поясняваща информация | (твърда кор.) |
| 020 ## - Международен стандартен номер на книга ISBN | |
| Международен стандартен номер на книга ISBN | 9786190111269 |
| Поясняваща информация | (мека кор.) |
| 040 ## - Източник на каталожния запис | |
| Идентификатор на билиотеката - собственик на записа | BLK |
| 041 ## - Код за език | |
| Код за езика на текст/звукозапис или на отделно заглавие | Български |
| Код за езика КДБФ | Български |
| 080 ## - УДК | |
| Текстов определител УДК | Прираст на капитала. Разширено възпроизводство |
| УДК код - определител по УДК | 330.32 |
| УДК - код + определител | 330.32 |
| 100 ## - Редна дума - Автор | |
| Автор | Греъм, Бенджамин |
| Авторска отговорност | първи автор |
| R(LIN) | 471528 |
| 139 ## - Редно поле | |
| Редна дума | Греъм, Бенджамин |
| Авторски знак | Abr - A 16 |
| 245 10 - Сведения за заглавието | |
| Заглавие | Интелигентният инвеститор |
| Редно поле (дума) | Бенджамин Греъм ; прев. от англ. Боян Костов ; предг. Уорън Бъфет. |
| 260 ## - Област на издателските данни | |
| Място на издаване, разпространение и проч. | София |
| Име на издателя, разпространителя и проч. | Изток-Запад |
| Година на издаване | 2021 |
| 9 (RLIN) | 210881 |
| Издателство - префикс ISBN | 978-619-01- ; 978-619-152- ; 978-954-321- ; 954-8945- |
| 300 ## - Физическа характеристика | |
| Страници | 566 с. |
| Размери/Мащаб | 25 см |
| Илюстрации и др. | с табл., диагр. |
| 380 ## - Жанр | |
| Жанр | Обществени науки |
| 500 ## - Общи забележки | |
| Забележка | Ориг. загл.: The intelligent investor / Benjamin Graham. - Няколко думи за Бенджамин Греъм / от Джейсън Цвайг: с. 13-15. - Предм. показалец, именен показалец |
| 650 #0 - Допълнително описание по предмет – тема | |
| 9 (RLIN) | 252797 |
| Основно описание – тема или топоним | Инвестиции - организация и управление |
| 653 #7 - Ключова дума – ненормативна | |
| 9 (RLIN) | 187602 |
| Ключова дума | инвестиции |
| 700 ## - Други автори (авторска отговорност) | |
| Лично име | Костов, Боян Каменов |
| 9 (RLIN) | 341910 |
| 700 ## - Други автори (авторска отговорност) | |
| Лично име | Бъфет, Уорън Едуард |
| 9 (RLIN) | 274212 |
| 852 ## - Местоположение | |
| Форматна сигнатура | Цб 311576 |
| Фондова буква | Хранилище |
| 942 ## - АРТИКУЛИ | |
| Вид на библиотечния материал | Книги |
| Скрит в OPAC | Не |
| Периодичен библиозапис | Да |
| Koha issues (borrowed), all copies | 9 |
| 944 ## - СЪЗДАВАНЕ И РЕДАКЦИЯ на ЗАПИСА | |
| Служител, извършил регистрацията/редакцията | 30542 |
| Създаване/Редакция | Създаване |
| Дата на регистрацията/редакция | 2022-03-15 |
| Статус, дата на статуса | Русанова Ирена |
| 999 ## - СИСТЕМНИ КОНТРОЛНИ НОМЕРА | |
| Koha biblionumber | 448789 |
| Koha biblioitemnumber | 448789 |
| 999 ## - СИСТЕМНИ КОНТРОЛНИ НОМЕРА | |
| Koha biblioitemnumber | 448789 |
| 999 ## - СИСТЕМНИ КОНТРОЛНИ НОМЕРА | |
| Koha biblioitemnumber | 448789 |
| Код за отписване | Код за изгубен артикул | Източник на класификационната схема | Код за повреда | Коз за рестрикции | Код за отдаване | Артикулен № | Име на библиотеката - собственик | Име на библиотеката, в която се намира в момента | Статус (Текущо местоположение) | Дата на вписване в системата | Местоположение - отдел | Цена в лева | Систематично азбучна сигнатура | Баркод | Цена в евро | Служебен тип на артикула | Инвентарен номер |
|---|---|---|---|---|---|---|---|---|---|---|---|---|---|---|---|---|---|
| Не е изгубен | Universal Decimal Classification | Не е повреден | само за читалня | ползва се в читалня | 877149 | Регионална библиотека "Любен Каравелов" Русе | Регионална библиотека "Любен Каравелов" Русе | Хранилище | 2022-03-21 | Хранилище | 39.90 | Цб 311576 | 120000869486 | 20.40 | Книги | ||
| Не е изгубен | Universal Decimal Classification | Не е повреден | ползва се в читалня | 935618 | Регионална библиотека "Любен Каравелов" Русе | Регионална библиотека "Любен Каравелов" Русе | Хранилище | 2023-11-02 | Хранилище | 36.90 | Цб 320014 | 120000894708 | 18.87 | Книги | 120000894708 | ||
| Не е изгубен | Universal Decimal Classification | Не е повреден | заемане за дома | 938267 | Регионална библиотека "Любен Каравелов" Русе | Регионална библиотека "Любен Каравелов" Русе | Заемна - подръчен фонд | 2024-01-03 | Заемна - подръчен фонд | 30.00 | 330/Г 80 Б | 120000897259 | 15.34 | Книги | 120000897259 |